Nalaganje...
Strategic Staffing
| Glavni avtor: | |
|---|---|
| Drugi avtorji: | |
| Format: | Printed Book |
| Jezik: | Undetermined English |
| Izdano: |
New Delhi
Pearson Education
2010
|
| LEADER | 00552nam a2200181Ia 4500 | ||
|---|---|---|---|
| 008 | 140306s9999 xx 000 0 und d | ||
| 020 | |a 9788131728024 | ||
| 041 | |a eng | ||
| 082 | |a 658.3128 |b PHI/ST | ||
| 100 | |a Jean, M.Philllips | ||
| 245 | |a Strategic Staffing | ||
| 260 | |a New Delhi |b Pearson Education |c 2010 | ||
| 300 | |a 432 | ||
| 365 | |b Rs.450/- | ||
| 700 | |a Stanley, M.Gully | ||
| 942 | |2 ddc |c BK | ||
| 999 | |c 187958 |d 187958 | ||
| 952 | |0 0 |1 0 |2 ddc |4 0 |6 658_312800000000000_PHI_ST |7 0 |9 194090 |a KAUCBV |b KAUCBV |g 450.00 |o 658.3128 PHI/ST |r 2014-03-22 |w 2014-03-22 |y BK | ||